Normal view
MARC view
- N.R.C
Entry Personal Name
001 - CONTROL NUMBER
- control field: 42883
003 - CONTROL NUMBER IDENTIFIER
- control field: NUST
005 - DATE AND TIME OF LATEST TRANSACTION
- control field: 20210314132443.0
008 - FIXED-LENGTH DATA ELEMENTS
- fixed length control field: 210314|| aca||aabn | a|a d
040 ## - CATALOGING SOURCE
- Original cataloging agency: NUST
- Transcribing agency: NUST
100 ## - HEADING--PERSONAL NAME
- Personal name: N.R.C
670 ## - SOURCE DATA FOUND
- Source citation: Work cat.: (NUST): N.R.C, Highway Research Board Bulletin no. 46, c1951.
